Načítá se...

Handbook of English grammer and composition /

Podrobná bibliografie
Hlavní autor: Kumarapillai, G.
Jazyk:Undetermined
Vydáno: Madras : Oxford University Press , 1979.
Témata:
LEADER 00475nam a2200145Ia 4500
001 68046
008 170722s9999 xx 000 0 und d
100 |a Kumarapillai, G. 
245 |a Handbook of English grammer and composition / 
260 |a Madras :  |b Oxford University Press ,  |c 1979. 
300 |a iv+259  |c 18cms 
653 |a English Grammar 
942 |c GEN 
999 |c 112623  |d 112623 
952 |0 0  |1 0  |4 0  |6 P_3_M9  |7 0  |9 158898  |a LIB  |b LIB  |d 2017-08-12  |o P-:3 M9  |p 213290  |r 2017-08-12  |w 2017-08-12  |y GEN